000 01038nam1a2200265 4500
001 RU\NLR\BIBL_A\016205745
005 20250807185139.0
035 _a(NLR Aleph) 016205745
090 _a79087
_c79087
100 _a20221111d1942 d y0rusy50 ca
101 0 _aava
102 _aRU
105 _ay z 000 y
200 1 _aЛитературияб хрестоматия
_fданде гьабурав М. С. Саидов
210 _aМахачкала
_cДаггиз
_d1942
215 _d22
541 1 _aХрестоматия по литературе
_zrus
606 1 _aАварская литература
_jХрестоматии для начальной школы
_2nlr_sh2
_3RU\NLR\AUTH\6601653059
689 1 _aШ160.321-94
702 1 _aСаидов
_bМ.-С.Д.
_f1902-1985
_gМагомед-Саид Джамалудинович
_4220
852 _aNLR
_bОНЛ
_jАвар./3-186
942 _cBOOK
945 _aРоссийская национальная библиотека
980 _aBV